LEADER 00782naa a2200205 u 4500 001 000000103650 003 CaOOAMICUS 005 20070226130216.0 008 061121s1972 fr u000 u fre u 035 $a11107528 040 $aIAR$bita 100 1 $aFestugière, A. J.$q(André Jean),$cO.P.,$d1898-1982.$0(OLS)http://pul/name/13 245 14$aLes mystères de Dionisos /$cA. J. Festugière. 260 $aParis :$bVrin,$c1972. 300 $ap. 13-63 ;$c24 cm 500 $aIAR: CCI.585 773 0 $aÉtudes de religion grecque et hellenistique (Festugière, A.J.) 773 0 $aFestugière, A. J.$tEtudes de religion grecque et hellénistique$w()25411 996 $6245$aLes mystères de Dionisos$9(OLS)http://pul/title/130555 996 $6260$aParis :$bVrin$9(OLS)http://pul/publisher/50780 LEADER 01189nam a2200265 a 4500 001 000000146078 003 CaOOAMICUS 005 20150928141848.0 008 150928s2012 it a u000 u spa r 040 $aPUL$bita 082 04$a261.8 100 1 $aCoppola, Salvatore.$0(OLS)http://pul/name/93482 245 10$aClero disidente y homilias conflictivas en la España franquista (1968-1975) /$cSalvatore Coppola ; en colaboracion con Maria del Carmen Vara Gordillo. 260 $a[S.l.] :$bGiorgiani$g2012 300 $a178 p. :$bill. ;$c21 cm 504 $aBibliografia in nota. 651 4$aSpagna$xStoria ecclesiastica$ySec. XX.$0(OLS)http://pul/subject/24706 700 1 $aVara Gordillo, María del Carmen.$0(OLS)http://pul/name/93483 850 $aPUL 852 $aPUL$W1$xDP2 Religione 3$y114$m261. 8 COPSA 1$j168995$qDDC 21$B169731$CPULBib$Z2$F169731 $H126256 $82 941 1 $a9 996 $6082$a261.8$9(OLS)http://pul/classification/367 996 $6245$aClero disidente y homilias conflictivas en la España franquista (1968-1975)$9(OLS)http://pul/title/184673 996 $6260$a[S.l.] :$bGiorgiani$9(OLS)http://pul/publisher/83837